000 01116cab a2200205 4500
001 ##L134024
008 060703n2006 000 0 eng u
035 _a(Sirsi) u134024
041 0 _aeng
100 1 _aMeager, Rowena
245 0 0 _aNew town and village greens
_ba thing of the past?
260 _c2006
490 4 _aThe Conveyancer
_v(70) May/June 2006, 265-277(13)
520 _aExamines aspects of the law relating to new town and village greens, with emphasis on the basis on which this law is founded. Evaluates the way in which specific parts of the legislation have been interpreted in recent case law. For communities whose enjoyment of areas of open space is under threat, ways in which to safeguard such an amenity can become an issue of real concern. One particular method of protection, the registration of the space under provisions of the Commons Registration Act 1965, has been gaining popularity of late.
590 _aIKA040706
650 2 4 _aCOMMONS REGISTRATION ACT 1965
650 2 4 _aCOUNTRYSIDE AND RIGHTS OF WAY ACT 2000
690 _aPROPERTY-RURAL AND NATURAL ASSETS
942 _n0
999 _c77332
_d77332